1947 1921 1078 1401 1016 1829 1122 1401 1888 1683 1019 1303 1692 1569 1857 1143 1831 1941 1808 1632 1590 1663 1687 1544 1548 1566 1760 1334 1151 1512 1914 1810 1719 1654 1092 1351 1747 1394 1077 1007 1165 1192 1443 1377 1430 1602 1544 1088 1162 1791 1027 1939 1155 1207 1271 1859 1789 1361 1579 1826 1627 1353 1839 1433 1182 1256 1365 1985 1527 1754 1407 1235 1664 1427 1334 1251 1680 1131 1045 1519 1789 1438 1970 1676 1615 1294 1042 1218 1125 1950 1899 1421 1805 1095 1118 1077 1389 1062 1939 BCNSPRNW ULIB Ver.6.0+V

เปลี่ยนเป็นภาษาไทย

Change to English
 แสดงรายละเอียดบรรณานุกรม
  กลับหน้าหลัก

Brief Record : Get Marc (ISO 2709) : E-mail record : QR code < ปิดหน้าต่าง
LEADER : 00000nam 2200000uu 4500
001    13399114892
003     ULIB
008    120619s||||||||th 000 0 tha d
020    9749399412
099    นว.^bอ653
100 0  อาริตา
245 00 เชลยรักทะเลทราย ^cอาริตา
945    ^p260^l0^i019247
999 ^a ใช้งานได้ทุกระบบ
รายการนี้ยังไม่มีแท็ก
คุณยังไม่ได้ล็อกอิน คุณสามารถมีกิจกรรมร่วมกับเว็บไซต์ได้ แต่ต้องล็อกอินก่อน ::
  ล็อกอิน

รายการสื่อสารสนเทศ

ลำดับที่ ประเภท เลขเรียก/บาร์โค้ด สถานที่ สถานะ
1. วิทยาศาสตร์การแพทย์ และสุขภาพ
วิทยาศาสตร์การแพทย์ และสุขภาพ
นว. อ653  
  Barcode: 019247
ห้องสมุดวิทยาเขตสวรรค์ประชารักษ์
►นวนิยาย
บนชั้น
  ขอยืม

รายการใกล้เคียง
    ผู้แต่ง [อาริตา]

BibComment


ยังไม่เคยถูกคอมเมนท์

คอมเมนท์ทรัพยากรรายการนี้
  คอมเมนท์: เชลยรักทะเลทราย ..


 Copyright 2026. Bcnsprnw @Library